[Event "Foros Aerosvit 3rd"]
[Site "Foros"]
[Date "2008.06.18"]
[Round "10"]
[White "Shirov, Alexei"]
[Black "Svidler, Peter"]
[Result "1-0"]
[WhiteElo "2740"]
[BlackElo "2746"]
[Annotator "Postny,E"]
[PlyCount "85"]
[EventDate "2008.06.08"]
[EventType "tourn"]
[EventRounds "11"]
[EventCountry "UKR"]
[EventCategory "19"]
[SourceTitle "CBM 125"]
[Source "ChessBase"]
[SourceDate "2008.07.30"]
[SourceVersion "1"]
[SourceVersionDate "2008.07.30"]
[SourceQuality "1"]

1. d4 d5 2. c4 c6 3. Nf3 Nf6 4. Nc3 dxc4 5. a4 e6 {This variation has gained
popularity recently. I have played this line myself as well, and can't
complain about the results so far.} 6. e3 ({Another option is a typical
sacrifice of the Pc4 pawn:} 6. e4 Bb4 7. e5 Nd5 8. Bd2 b5 {White often gets a
long-term compensation for the pawn.}) 6... c5 {In fact, the position
transposes to the Queen's Gambit Accepted where Black has lost a tempo by
playing c7-c6 and then c6-c5. White's extra tempo is the move a2-a4. On the
one hand it helps White to seize space on the queenside. On the other hand, it
weakens the b4 square and this is what Black is counting on. In future, this
square might be used for a knight transfer Nb8-c6-b4 to a key blockading d5
square.} 7. Bxc4 Nc6 8. O-O cxd4 (8... Be7 9. Qe2 (9. dxc5 Qxd1 10. Rxd1 Bxc5 {
leads to an equal endgame.}) 9... cxd4 10. Rd1 O-O 11. Nxd4 Qc7 12. Nxc6 bxc6
13. a5 e5 14. e4 Rb8 15. h3 Bc5 16. Na4 Bd4 17. Be3 Bxe3 18. Qxe3 Qxa5 19. Nc5
Qc7 20. Qa3 a6 21. Qc3 Nd7 22. b4 Re8 23. Nxd7 Bxd7 24. Rxa6 $14 {1-0
Gustafsson,J (2603)-Kharitonov,A (2526)/Plovdiv BUL 2008/The Week in Chess 704
(55)}) 9. exd4 Be7 10. Bg5 (10. Be3 {is toothless. The bishop is passive on e3.
} O-O 11. Ne5 Nb4 12. a5 Bd7 13. d5 exd5 14. Nxd5 Nbxd5 15. Bxd5 Nxd5 16. Qxd5
Bc8 $1 $11 {1/2-1/2 Leko,P (2741)-Kramnik,V (2770)/Brissago 2004}) (10. Qe2 O-O
(10... Nxd4 $2 11. Nxd4 Qxd4 12. Nb5 Qd8 13. Bf4 $18) 11. Rd1 Nb4 12. Bg5 h6 $1
(12... Bd7 13. d5 $1 exd5 14. Nxd5 Nbxd5 15. Bxd5 Nxd5 16. Rxd5 Bxg5 17. Nxg5
h6 18. Rad1 hxg5 19. Rxd7 Qb6 $14 {1/2-1/2 Ivanchuk,V (2729)-Svidler,P (2765)/
Monte Carlo 2006 (46)}) 13. Bxf6 Bxf6 14. Ne5 Qc7 15. Ng4 Be7 16. d5 exd5 17.
Nxd5 Nxd5 18. Bxd5 Bxg4 {1/2-1/2 Babula,V (2594)-Balogh,C (2575)/Graz AUT 2008/
The Week in Chess 698}) 10... O-O 11. Re1 Bd7 (11... h6 $6 {is very risky in
view of} 12. Bf4 Nb4 13. Qd2 Bd7 14. Bxh6 $1 Rc8 15. Bb3 gxh6 16. Qxh6 $40 {
1-0 Radjabov,T (2700)-Svidler,P (2765)/Linares 2006 (41)}) 12. Qd2 {It is
always a question for White where to put his queen. An alternative option is
12.Qe2 trying to press along the e-file and specifically on Pe6.} (12. Qe2 Nb4
13. Ne5 Kh8 (13... Bc6 $2 14. Nxf7 $1 {reveals the point of 12.Qe2.}) 14. Rad1
Bc6 15. h4 Nfd5 16. Qh5 {In this double-edged position a draw was agreed. 1/
2-1/2 Halkias,S (2580)-Postny,E (2598)/Zlatibor 2007/CBM 120 ext}) 12... Rc8
13. Rad1 (13. d5 Nxd5 14. Nxd5 Bxg5 15. Nxg5 exd5 16. Bxd5 Bf5 17. Rad1 Qf6 18.
Qf4 Bc2 19. Qxf6 gxf6 20. Rd2 Bxa4 $6 (20... Nb4 $1 $11) 21. Ne4 Kg7 22. Nc5
Bb5 23. Nxb7 $14 {1-0 Bekker Jensen,S (2393)-Rasmussen,K (2449)/Aalborg 2006/
CBM 111 ext (48)}) 13... Nb4 14. Ne5 {A novelty which was probably prepared by
Shirov before the game, as Svidler had already played this position as Black.
Instead, the breakthrough d4-d5 leads to massive simplifications and equality
in this case.} (14. d5 exd5 15. Bxd5 Bc6 16. Bxc6 Qxd2 17. Rxd2 Nxc6 18. Bxf6
Bxf6 19. Nd5 Rfd8 20. Nxf6+ gxf6 21. g3 Rxd2 22. Nxd2 Ne5 23. Kg2 Kg7 24. Nf3
Rc4 {1/2-1/2 Nielsen,P (2644)-Svidler,P (2765)/Monte Carlo 2006/CBM 111 ext})
14... Nbd5 15. Bxf6 Nxf6 (15... Bxf6 $6 16. Nxd5 exd5 17. Bxd5 Bxa4 18. Bxb7
Bxe5 19. Rxe5 Rc2 20. Qb4 Rxb2 21. Qxb2 Bxd1 22. Be4 $14) 16. d5 {This
thematic breakthrough is White's main weapon in these kind of positions with
an isolated pawn. However, Black can survive it.} Bb4 $1 17. dxe6 Bxe6 18. Qc2
(18. Bxe6 fxe6 19. Qe2 Qe8 20. Nc4 Nd5 21. Nxd5 Bxe1 22. Nd6 Bxf2+ 23. Kh1 Qd7
24. Nxc8 exd5 25. Ne7+ Kh8 {can be dangerous only for White.}) 18... Qb6 19.
Bxe6 fxe6 {The Pe6 is obviously weak but, after the following exchange on c3
white's queenside pawns will become vulnerable as well. The position is equal.}
(19... Qxe6 $2 {loses an exchange in view of} 20. Nd7) 20. Nd3 (20. Rd3 Rfd8
21. Rde3 Bc5 22. R3e2 Bd4 23. Nf3 Rc6 $11) 20... Bxc3 21. bxc3 Nd5 22. c4 Nb4
23. Nxb4 Qxb4 $11 24. Re4 b5 $2 {This move actually blunders a pawn and can be
considered as a decisive mistake.} ({A simple move like} 24... Rcd8 {would
keep the position equal.}) 25. Rh4 {[%csl Rh7]} h6 (25... g6 26. axb5 Qxb5 27.
Qxg6+ hxg6 28. cxb5 {leads to a bad endgame for Black.}) 26. axb5 Qxb5 27. Rxh6
$1 {This is the refutation of 24...b5. Probably this punch was overlooked by
Svidler. Black loses a pawn without any compensation.} Qf5 (27... gxh6 $4 28.
Qg6+ $18 {[%csl Rb5]}) 28. Qxf5 exf5 (28... Rxf5 $2 29. Rxe6 Rxc4 {should be
lost for Black as White has three pawns against one on the kingside.}) 29. Rh4
{It is not so easy to state a clear verdict on this endgame but, it seems to
me that it is lost for Black.} f4 30. Rd4 Rb8 {Trying to activate the rook.
Another attempt was to push the a-pawn as quickly as possible.} (30... a5 31.
Rhxf4 Rxf4 32. Rxf4 a4 33. Rf3 Rxc4 (33... Ra8 34. Ra3 Kf7 35. Kf1 Ke6 36. Ke2
Kd6 37. Kd3 Kc5 38. Kc3 $18) 34. g3 Rb4 35. Rf5 {transfering the rook to a5.
After that White's pawn majority will decide the outcome.}) 31. h3 f3 (31... a5
32. Rhxf4 Rxf4 33. Rxf4 a4 34. c5 Ra8 35. Rc4 a3 36. Rc1 a2 37. Ra1 Kf7 38. Kf1
Ke6 39. Ke2 Kd5 40. Kd3 Kxc5 41. Kc3 Ra6 42. Kb3 Rg6 (42... Kd4 43. Rxa2 Rxa2
44. Kxa2 Kd3 45. h4 Ke2 46. h5 Kxf2 47. g4 $18) 43. g3 Rb6+ 44. Kxa2 Ra6+ 45.
Kb2 Rxa1 46. Kxa1 Kd4 47. h4 Ke4 48. Kb2 Kf3 49. h5 $1 Kg4 50. Kc3 Kxh5 51. Kd4
$18) 32. g4 Rb1+ ({Again,} 32... a5 {does not help} 33. Rh5 a4 34. Rd3 Rb1+ 35.
Kh2 Rf1 36. Rd2 Ra8 37. Kg3 a3 38. Ra2 $18 {[%csl Ra3,Rf3][%cal Gh5e5,Ge5e3]})
33. Kh2 Rf1 34. Rd2 Re8 {The last practical chance is to go for the Pf2.} 35.
Kg3 Re2 36. Rd8+ Kf7 37. Rd7+ $1 Kg6 ({After} 37... Ke6 38. Rxg7 Rexf2 39. Kf4
Kd6 40. Rh5 $1 {Black's king can't escape.}) 38. Rh8 Rexf2 {Black got the pawn
but, now his king left unprotected. White can build a mating net meanwhile,
his king will get a shelter on f4.} 39. Rg8 Rg2+ 40. Kf4 f2 41. Rgxg7+ Kf6 42.
Rh7 Ke6 43. Kg5 $1 {The threat 44.Rhe7 mate is unanswerable. Black resigned.}
1-0

[Event "POL-chT 66th"]
[Site "Katowice"]
[Date "2010.09.12"]
[Round "9"]
[White "Navara, David"]
[Black "Kryvoruchko, Yuriy"]
[Result "1/2-1/2"]
[WhiteElo "2722"]
[BlackElo "2635"]
[Annotator "Prie,E/Primel,D"]
[PlyCount "62"]
[EventDate "2010.09.04"]
[EventType "team-tourn"]
[EventRounds "9"]
[EventCountry "POL"]
[SourceTitle "EXT 2016"]
[Source "ChessBase"]
[SourceDate "2015.10.08"]
[SourceVersion "1"]
[SourceVersionDate "2015.10.08"]
[SourceQuality "1"]
[WhiteTeam "Katowice Szopienice"]
[BlackTeam "Gorzow Wielkopolski"]
[WhiteTeamCountry "POL"]
[BlackTeamCountry "POL"]

1. d4 d5 2. c4 c6 3. Nc3 Nf6 4. Nf3 dxc4 5. a4 e6 (5... Bf5 {La grande ligne})
6. e3 (6. Bg5 Bb4 7. e4) (6. e4 Bb4 7. e5 Nd5 8. Bd2 b5) 6... c5 {Le levier
naturel dans ce genre de structure} 7. Bxc4 Nc6 (7... cxd4) 8. O-O cxd4 9. exd4
{(E.Prié)Ici les Noirs ont un temps de moins par rapport а un Gambit Dame
accepté : le coup a2-a4 des Blancs, obligatoire dans la Slave classique pour
reprendre le pion c4 mais cédant la case b4. Ce qui pourrait se justifier si
les Noirs avaient joué eux-mêmes a7-a6 par l'espoir de profiter du "trou" en
b6, en poussant a4-a5, mais, précisément, ce n'est pas le cas...et peut а
nouveau imaginer, ici, que "les Blancs accepteraient volontiers de rendre leur
temps d'avance а condition de pouvoir remettre leur pion a sur sa case de
départ !"} Be7 10. Be3 (10. Qe2 {[%cal Gf1d1]} O-O (10... Nxd4 $2 11. Nxd4 Qxd4
12. Nb5 Qd8 13. Bf4 O-O 14. Nc7 Rb8 15. Rfd1 Bd7 16. Nxe6 $1 {Kunin,V (2535)
-Pfrommer,C (2326) Karl Mala Memorial op 13th 2010 (7) 1-0}) 11. Rd1) 10... O-O
11. Ne5 Nb4 {[%csl Gd5] Profitant de l'affaiblissement de la case "b4" pour
surcontroler la case sensible "d5"} 12. a5 $5 {[%csl Rb7]} (12. Qf3 $5 Nfd5 13.
Rac1 (13. Rad1)) 12... Bd7 13. d5 {Reprenant une idée d'une partie du
Championnat du Monde 2004} (13. Qb3 a6 14. d5 exd5 15. Bb6 Qc8 16. Nxd5 Nfxd5
17. Bxd5 Be6 $1 {Kovalenko,I (2486)-Popov,I (2617) Moscow op-A 2010 (7) 1-0})
13... exd5 14. Nxd5 Nbxd5 15. Bxd5 Nxd5 16. Qxd5 Bc8 $1 {Les Blancs n'ont pas
obtenu grand-chose de l'ouverture} 17. Rfd1 Qxd5 18. Rxd5 Be6 19. Rb5 Bf6 20.
Nf3 b6 21. axb6 axb6 22. Re1 Rfb8 23. Rxb6 Rxb6 24. Bxb6 Bxb2 {Est archi nulle
(E.Prié)} 25. Bd4 Bxd4 26. Nxd4 Kf8 27. Nxe6+ fxe6 28. f4 $11 Kf7 29. Kf2 Kf6
30. Kf3 Ra3+ 31. Re3 Ra2 1/2-1/2

[Event "Rohde op 10th"]
[Site "Sautron"]
[Date "2010.10.28"]
[Round "7"]
[White "Gajewski, Grzegorz"]
[Black "Berczes, David"]
[Result "1/2-1/2"]
[WhiteElo "2568"]
[BlackElo "2520"]
[Annotator "Primel,D"]
[PlyCount "51"]
[EventDate "2010.10.23"]
[EventType "swiss"]
[EventRounds "9"]
[EventCountry "FRA"]
[SourceTitle "EXT 2012"]
[Source "ChessBase"]
[SourceDate "2011.11.24"]
[SourceVersion "1"]
[SourceVersionDate "2011.11.24"]
[SourceQuality "1"]

1. d4 d5 2. c4 c6 3. Nf3 Nf6 4. Nc3 dxc4 5. a4 (5. e4 {le gambit Geller qui
retombe par interversion de coups dans la partie} b5 6. e5 Nd5 7. Ng5 (7. a4 e6
)) 5... e6 {Cette ligne secondaire a longtemps eu une réputation théorique
assez douteuse après une partie fameuse du Championnat du Monde 1929 mais elle
a fait l'objet de tentatives récentes de réhabilitation а haut niveau.} (5...
Bf5 {la grande ligne}) (5... Bg4) (5... Na6) 6. e3 (6. e4 $5 {Retombe par
interversion de coups sur le gambit slave} Bb4 7. e5 Nd5 8. Bd2 {Akopian,V 
(2712)-Eljanov,P (2716) Jermuk FIDE GP 2009 (6) 1/2}) 6... c5 {[%cal Gb8c6] La
perte de temps n'est pas importante} 7. Bxc4 Nc6 8. O-O cxd4 (8... Be7 $5 {
Retombe sur un gambit dame-accepté} 9. Qe2 {[%cal Gf1d1]} cxd4 10. exd4 (10.
Rd1) 10... O-O 11. Rd1 {Grischuk,A (2756)-Karjakin,S (2725) Amber-rapid 19th
2010 (8) 1/2}) 9. exd4 (9. Nxd4 $143 Bd7 $11 {Berkes,F (2651)-Zatonskih,A 
(2462) Gibraltar Masters 7th 2009 (5) 1-0}) 9... Be7 (9... Bb4 $6 10. d5 $1 {
[%csl Re8]}) 10. Re1 {[%cal Gd4d5,Ge1e3,Ge3g3,Gc1g5,Gf3e5] Les Blancs ont
l'avantage d'espace et un meilleur développement mais avec un P isolé, ils
doivent jouer de manière dynamique car sinon, les Noirs vont finir par bloquer
la case sensible "d5" et terminer le développement pour obtenir des meilleures
perspectives а long terme.} (10. Qe2 {L'alternative} O-O 11. Rd1 Nb4 {[%csl
Gd5]} (11... Nd5 {Carlsen,M (2775)-Grischuk,A (2728) Moscow Tal Memorial Blitz
2008 (1) 0-1})) 10... O-O 11. Bg5 {Continuant la lutte pour le contrôle de la
case "d5"} ({RR} 11. Bf4 Bd7 12. Bb3 Nb4 13. Ne5 Rc8 14. d5 exd5 15. Nxd5 Nbxd5
16. Bxd5 Bg4 17. Bf3 {1/2-1/2 Ivanchuk,V (2746)-Grischuk,A (2748)/Dagomys 2009/
CBM 130}) 11... Bd7 ({RR} 11... Nb4 12. Ne5 Bd7 13. Qe2 Rc8 14. Rad1 Nbd5 15.
Nxd5 Nxd5 16. Bxd5 Bxg5 17. Bxb7 Bxa4 18. Ra1 Rc7 19. Be4 Be8 20. Qd3 {1/2-1/2
Volodin,V (2223)-Dimitrijeski,B (2233)/Marianske Lazne 2011/Mega2011 Update 06}
) (11... b6 12. d5 $5 Nxd5 13. Bxd5 {[%csl Ra8,Rc6]} exd5 14. Qxd5 (14. Nd4 $5
Bxg5 15. Nxc6 Qd7 16. Qxd5 Qxd5 17. Nxd5 Bb7 18. Nde7+ Kh8 19. b4 {[%cal Gb4b5]
} Rfe8 20. b5 {[%csl Rh8][%cal Ga1d1,Gd1d7,Gg1f1]}) 14... Qxd5 $11 {Gelfand,B 
(2720)-Grischuk,A (2728) Moscow Tal Memorial Blitz 2008 (5) 1/2}) 12. Rc1 {
Quelques semaines plus tard, le polonais a préféré jouer la ligne principale
Qd2 et il n'était peut-être pas satisfait du jeu obtenu dans cette partie.} ({
RR} 12. Qd2 Nb4 13. Ne5 Bc6 14. a5 Nfd5 15. Bxe7 Nxe7 16. Na4 Bxa4 17. Rxa4
Nbc6 18. Nxc6 bxc6 19. Bd3 Rb8 20. Rc4 Qd6 21. Rec1 Rfd8 22. Be4 g6 23. Qe2 Rb4
24. g3 Rxc4 25. Rxc4 Rb8 26. Qc2 Rb4 {Gajewski,G (2555)-Inarkiev,E (2667)/
Warsaw 2010/Mega2011 Update 01}) (12. Qe2 {L'alternative mais après Qe2, la R
serait mieux placée en d1}) 12... Nb4 $5 $146 {[%csl Gd5]} ({RR} 12... Rc8 13.
Ba2 Nb4 14. Bb1 Bc6 15. Ne5 Nbd5 ({RR} 15... g6 16. h4 Nbd5 17. Qd2 Nxc3 18.
Rxc3 Qd5 19. Rg3 Rfd8 20. Rf3 Be8 21. Bxf6 Bxf6 22. Rxf6 Qxd4 23. Qg5 Qd2 24.
Qxd2 Rxd2 25. b3 Rcd8 26. Rf3 Kg7 27. Rfe3 R2d4 28. g3 Rb4 29. Rc3 Rd5 30. Bc2
{Van Wely,L (2679)-Kramnik,V (2754)/Monte Carlo 2005/CBM 105 ext/1-0 (42)}) 16.
Qd3 g6 17. Bh6 Re8 18. Qh3 Nxc3 19. bxc3 Bxa4 20. Nxf7 Qd5 21. Ne5 Bf8 22. Bxf8
Rxf8 23. Re3 Kg7 24. Rce1 a5 25. Nd3 Bd7 26. Nf4 Qb3 27. Qg3 {Baryshpolets,A 
(2426)-Artemchuk,T (2234)/Kiev 2009/CBM 131 Extra/1-0}) 13. Qb3 (13. Ne5 $5 {
[%cal Ge5d7,Ge5f7] Un coup candidat naturel avec cette structure centrale} Rc8
(13... Nbd5 14. Bxf6 Nxf6 15. d5 exd5 16. Nxd5 Nxd5 17. Qxd5 {[%csl Rb7,Rd7]}
Bc6 18. Nxc6 $40) 14. Qb3 $14 {[%csl Rb7]}) 13... Nc6 14. Bd3 (14. Ne5 $5 Rc8 (
14... Nxd4 15. Qxb7 Rb8 16. Qxa7 Nc6 17. Nxc6 Bxc6 18. Red1 $36 {[%csl Rd8]})
15. Qxb7 Na5 $44 {[%cal Ga5b7,Ga5c4]}) 14... Qb6 15. Qd1 (15. Qxb6 $143 axb6
16. d5 Nb4 $11 {[%cal Gb4d3,Gb4d5]}) 15... Nb4 16. Bb1 (16. Ne5 {[%cal Gg5f6,
Ge5d7]} Nxd3 $11 (16... Rfd8 $2 17. Bxh7+ $1 {[%csl Re7,Rf7]} Kxh7 18. Bxf6
Bxf6 19. Qh5+)) 16... Bc6 $11 {[%csl Gd5]} 17. Ne5 Rad8 (17... Rfd8 $2 18.
Bxh7+ $1 {[%csl Re7,Rf7][%cal Gg5f6,Gd1h5]}) 18. Be3 Nbd5 $132 {[%csl Gd5] Les
Blancs n'ont rien obtenu de l'ouverture et les Noirs commencent а avoir des
meilleures perspectives en bloquant la case sensible "d5"} 19. Qe2 {[%cal
Ge2b2]} Nxe3 {Une décision discutable car le Be3 n'était pas trés bon et les
Noirs échangent le bloqueur} (19... Rfe8) (19... h6 $5 {Evite le thème
tactique Bh7 et les Blancs peuvent difficilement profiter du léger
affaiblissement de l'aile-roi}) 20. fxe3 Be8 {[%csl Rf8] assez passif} (20...
Nd5 $142 21. Qd3 g6 {les Blancs n'ont plus de B de cases noires pour profiter
de cet affaiblissement}) 21. Rf1 $5 {[%cal Gf1f3,Gf3h3]} Nd7 22. Nc4 Qc7 23.
Be4 {[%csl Rb7]} (23. Rf3 $5 {[%cal Gf3h3]}) 23... Nf6 24. Bd3 Qb8 25. Rf3 (25.
Qf3 $5 {[%csl Rh7][%cal Gf3h3] Plus économique car Ng4 n'est plus possible})
25... Ng4 $1 {[%csl Rh2]} 26. Rf4 (26. Rh3 f5 $1 $132 {[%csl Rd3]}) 1/2-1/2

[Event "POL-chT 66th"]
[Site "Katowice"]
[Date "2010.09.08"]
[Round "5"]
[White "Wojtaszek, Radoslaw"]
[Black "Kryvoruchko, Yuriy"]
[Result "1/2-1/2"]
[WhiteElo "2711"]
[BlackElo "2635"]
[Annotator "RR"]
[PlyCount "74"]
[EventDate "2010.09.04"]
[EventType "team-tourn"]
[EventRounds "9"]
[EventCountry "POL"]
[SourceTitle "EXT 2016"]
[Source "ChessBase"]
[SourceDate "2015.10.08"]
[SourceVersion "1"]
[SourceVersionDate "2015.10.08"]
[SourceQuality "1"]
[WhiteTeam "Wroclaw Polonia"]
[BlackTeam "Gorzow Wielkopolski"]
[WhiteTeamCountry "POL"]
[BlackTeamCountry "POL"]

1. d4 d5 2. c4 c6 3. Nf3 Nf6 4. Nc3 dxc4 5. a4 e6 6. e3 c5 7. Bxc4 Nc6 8. O-O
cxd4 (8... Be7) 9. exd4 Be7 10. Qe2 {La partie a transposé d'une Slave vers
un gambit dame accepté} (10. Re1 O-O 11. h4 Bd7 12. h5 h6 13. Ne5 Be8 14. Be3
Qa5 15. Qf3 Rd8 16. Qg3 Nxd4 17. Bd3 Nc6 18. Bxh6 Nxh5 19. Qh2 Rxd3 20. Qxh5
Bf6 21. f4 Nxe5 22. fxe5 gxh6 {0-1 (22) Jobava,B (2696)-Jakovenko,D (2733)
Tbilisi 2015}) 10... O-O 11. Rd1 Nb4 12. Bg5 (12. Ne5) (12. a5 Bd7 13. Ne5)
12... h6 13. Bh4 Bd7 14. Ne5 Rc8 (14... Bc6 15. Rac1 Bd5 16. Nxd5 Nfxd5 17. Bg3
Bg5 18. Rb1 Rc8 19. Bb3 Qe7 20. Re1 Rfd8 21. Rbd1 Bf4 22. Qe4 Qf6 23. Rf1 Rc7
24. h4 a5 25. Kh1 h5 26. Nc4 Rdc8 27. Ne3 Bxg3 28. fxg3 Qd8 29. Nxd5 Nxd5 30.
Qe5 Nf6 31. Qxa5 Qd6 32. Qe1 Qb6 33. Rf3 Rd8 34. Qe5 Rcd7 35. Rdf1 Qxd4 36. Qg5
Qg4 37. Rf4 Qxg5 38. hxg5 Nd5 39. Bxd5 exd5 40. Rd4 {1/2-1/2 (40) Urkedal,F 
(2524)-Johannessen,L (2527) Fagernes 2015}) 15. Rac1 Nfd5 16. Bxe7 Nxe7 17. Qg4
{[%csl Re6,Rf7]} Be8 18. Bb3 Rc7 19. h4 Ned5 20. Nxd5 Nxd5 $11 21. Qe4 Bc6 22.
Nxc6 bxc6 23. Rc5 Rb7 24. Bc2 Nf6 25. Qe2 Qd6 26. b3 Rfb8 27. Qf3 Rc7 28. g3
Rb4 29. Qc3 Nd5 30. Qd3 Nf6 31. Qc3 Nd5 32. Qd3 Nf6 33. Kg2 Kf8 34. Qc3 Nd5 35.
Qd3 Nf6 36. Qc3 Nd5 37. Qd2 Rd7 1/2-1/2

[Event "FIDE World Cup"]
[Site "Tromsoe"]
[Date "2013.08.23"]
[Round "5.1"]
[White "Kramnik, Vladimir"]
[Black "Korobov, Anton"]
[Result "1-0"]
[WhiteElo "2784"]
[BlackElo "2720"]
[Annotator "Ramirez Alvarez,A"]
[PlyCount "101"]
[EventDate "2013.08.11"]
[EventType "k.o."]
[EventRounds "7"]
[EventCountry "NOR"]
[SourceTitle "CBM 156"]
[Source "ChessBase"]
[SourceDate "2013.09.17"]
[SourceVersion "1"]
[SourceVersionDate "2013.09.17"]
[SourceQuality "1"]

1. d4 d5 2. Nf3 Nf6 3. c4 c6 4. Nc3 dxc4 5. a4 e6 6. e3 c5 7. Bxc4 Nc6 8. O-O
cxd4 9. exd4 Be7 10. Qe2 O-O 11. Rd1 Nd5 {A move that has been tried more and
more recently. The more common move is 11...Nb4.} 12. Bd2 Ncb4 13. a5 {A
novelty that shouldn't change the character of the position, but one that
certainly puts some pressure on Black's queenside. Normally in these positions
Black is very solid but he lacks space and an active plan. It's White's task
however on how to proceed from here.} Bd7 14. Nxd5 Nxd5 15. Ne5 Be8 16. Qf3 f6
{Not something that Black wants to do, after all f6 is a considerable
weakening of the e6-square, but Black could simply not live with White's
knight on e5 for too much longer.} 17. Nd3 Bf7 18. Qg4 Kh8 19. Nc5 $1 {White
exploits the weakness on e6 to transform his advantages. He will now be able
to enjoy the superior pawn structure and the pair of bishops.} Bxc5 20. dxc5
Qc7 21. a6 $1 {Powerful play, this forces a weakness in Black's camp and makes
the c-pawn a passed pawn.} bxa6 $6 (21... b6 {seemed like the lesser of two
evils} 22. cxb6 Qxb6 23. b4 $5 {but possibly Korobov didn't want to live with
the permanently weak a7-pawn.}) 22. b4 Rfd8 23. Rxa6 h5 24. Qf3 Rab8 25. Be1 $1
Nxb4 26. Rxd8+ Qxd8 27. Rxa7 {White's passed pawn is very powerful. It will be
difficult for Black to stop it.} Kg8 28. c6 Nd5 29. Rb7 $2 {A bad move that
gives Black just enough time to mount strong pressure on c6.} (29. Rd7 Qe8 30.
Bd3 $1 {Controlling b1 seemed like a good human way of continuing.}) (29. Qa3
$1 Rb1 30. Kf1 {is the computer continuation, who thinks White is simply
winning. However allowing ...Rb1 is hardly human.}) 29... Rc8 30. Bb5 Qd6 31.
Qe4 Qc5 {Suddenly White's c-pawn is not only not going anywhere, it is also in
danger of simply falling.} 32. h3 g6 $2 (32... Ne7 $1 {Black had to take this
time and eliminate the c-pawn while hte could. There is no longer any way of
defending c6 but with a few seconds left on his clock Korobov must have
believed that Kramnik had some sort of tactical refutation to this obvious
move.}) 33. Bd2 {And now Black's position will be almost impossible to hold.}
Rxc6 $6 {This desperation attempt simply does not work. Black's king is too
weak to set up any kind of fortress.} 34. Bxc6 Qxc6 35. Qb1 g5 36. h4 $1 {
Opening diagonals and routes to the Black king is what is going to give White
the full point.} gxh4 (36... Nf4 37. Bxf4 gxf4 38. Qb3 {is probably more
troublesome for White, but at the end Black's king is too weak and White
should win without problems.}) 37. Bh6 Nc7 38. Ra7 $6 (38. Qb4 $1 {was
immediately finishing the game, but Korobov was not the only one in time
trouble by this point.}) 38... Nb5 39. Qb4 {Back on track, but now Black's
knight saves him from immediate resignation.} Nd6 40. Qb8+ Ne8 41. Re7 e5 42.
Kh2 h3 43. gxh3 Kh7 44. Be3 Kg8 45. Qb1 Qd6 46. Qg1+ Kf8 47. Ra7 {The last few
moves have not been the most exact from White, but they are sufficient to give
him a winning advantage.} Nc7 48. Qc1 Ne6 49. Qc8+ Kg7 50. Qe8 Nc7 51. Qb8 {
Finally Black is forced to lose more material and he therefore resigns.
Kramnik let his opponent off the hook slightly, but when his opponent didn't
capitalize on this mistake he was given no second chance.} 1-0